[Event "Misurata op"]
[Site "Misurata"]
[Date "2022.12.12"]
[Round "6"]
[White "Naser Eldean, Ahmed"]
[Black "Ahmaida, Mohamed"]
[Result "1-0"]
[WhiteElo "1958"]
[BlackElo "1710"]
[PlyCount "83"]
[EventDate "2022.12.08"]
[EventType "swiss"]
[EventRounds "9"]
[EventCountry "LBY"]
[SourceTitle "EXT 2024"]
[Source "ChessBase"]
[SourceDate "2023.10.10"]
[SourceVersion "1"]
[SourceVersionDate "2023.10.10"]
[SourceQuality "1"]

1. e4 e6 2. d4 d5 3. e5 c5 4. c3 Nc6 5. Nf3 c4 6. b3 b5 7. a4 Qa5 8. Bb2 Ba6 9. axb5 Qxb5 10. Nbd2 Na5 11. bxc4 Nxc4 12. Nxc4 dxc4 13. Rb1 Rb8 14. Nd2 Qd5 15. Qa4+ Qb5 16. Qxb5+ Bxb5 17. Bc1 a6 18. Bxc4 Ne7 19. Be2 Nd5 20. c4 Nc3 21. cxb5 Nxb1 22. Nxb1 Bb4+ 23. Bd2 Bxd2+ 24. Kxd2 axb5 25. Nc3 b4 26. Nb5 0-0 27. Rb1 Ra8 28. Rxb4 Ra2+ 29. Ke3 f5 30. Bc4 f4+ 31. Kf3 Ra6 32. Nc7 Ra3+ 33. Ke4 f3 34. gxf3 Rfxf3 35. Nxe6 Rfc3 36. d5 Kf7 37. Rb7+ Kg6 38. Rxg7+ Kh6 39. Rc7 Rh3 40. d6 Ra5 41. d7 Rh4+ 42. f4 1-0